| 000 | 00962nam a2200193 4500 | ||
|---|---|---|---|
| 008 | 171204b xxu||||| |||| 00| 0 eng d | ||
| 020 | _a0070352178 | ||
| 082 |
_21995 _aDC 658.262 _bK83 |
||
| 100 |
_923949 _aKolarik, William J.,author. |
||
| 245 |
_aCreating quality : _bconcepts, systems, strategies, and tools / _c William J. Kolarik. |
||
| 260 |
_aNew York : _bMcGraw-Hill, _c©1995. |
||
| 300 |
_axxvii, 925 pages : _billustrations ; _c24 cm. |
||
| 440 |
_923950 _aMcGraw-Hill series in industrial engineering and management science. |
||
| 500 | _aIncludes bibliographical references and indexes. | ||
| 505 | _aThis text on quality control emphasizes the pre-process level design and analysis activity, covering the full range of diagnostic and experimental tools and including fundamentals of probability and statistics, TQM and Quality Function Deployment. | ||
| 650 | 0 |
_923952 _aQuality control. |
|
| 650 | 0 |
_923954 _aSystem analysis. |
|
| 942 |
_2ddc _cDC |
||
| 999 |
_c7867 _d7867 |
||